Production rates for international projects in Asia (Record no. 60151)
[ view plain ]
| 000 -LEADER | |
|---|---|
| fixed length control field | 00891cam a2200253 4500 |
| 001 - CONTROL NUMBER | |
| control field | ABS61326 |
| 008 - FIXED-LENGTH DATA ELEMENTS--GENERAL INFORMATION | |
| fixed length control field | 000000n1999 000 0 eng u |
| 035 ## - SYSTEM CONTROL NUMBER | |
| System control number | (Sirsi) u100552 |
| 100 ## - MAIN ENTRY--PERSONAL NAME | |
| Personal name | Koehn, E. |
| 245 ## - TITLE STATEMENT | |
| Title | Production rates for international projects in Asia |
| 260 ## - PUBLICATION, DISTRIBUTION, ETC. | |
| Date of publication, distribution, etc. | 1999 |
| 490 ## - SERIES STATEMENT | |
| Series statement | Cost Engineering |
| Volume/sequential designation | 41(8) August 1999, 38-44(7) |
| 520 ## - SUMMARY, ETC. | |
| Summary, etc. | Compares the labour needs for building construction in a developing country, Bangladesh, with those in a wealthy country, the US. The major costs of a construction project are linked to material, labour, and equipment. |
| 590 ## - LOCAL NOTE (RLIN) | |
| Local note | ABS |
| 650 ## - SUBJECT ADDED ENTRY--TOPICAL TERM | |
| Topical term or geographic name entry element | PRODUCTIVITY |
| 650 ## - SUBJECT ADDED ENTRY--TOPICAL TERM | |
| Topical term or geographic name entry element | BANGLADESH |
| 650 ## - SUBJECT ADDED ENTRY--TOPICAL TERM | |
| Topical term or geographic name entry element | UNITED STATES |
| 650 ## - SUBJECT ADDED ENTRY--TOPICAL TERM | |
| Topical term or geographic name entry element | BUILT ENVIRONMENT-BUILDING COSTS |
| 650 ## - SUBJECT ADDED ENTRY--TOPICAL TERM | |
| Topical term or geographic name entry element | LABOUR COSTS |
| 650 ## - SUBJECT ADDED ENTRY--TOPICAL TERM | |
| Topical term or geographic name entry element | INTERNATIONAL PROJECTS |
| 690 ## - LOCAL SUBJECT ADDED ENTRY--TOPICAL TERM (OCLC, RLIN) | |
| Topical term or geographic name as entry element | BUILT ENVIRONMENT-BUILDING COSTS |
| 700 ## - ADDED ENTRY--PERSONAL NAME | |
| Personal name | Ahmed, M.U. |
| 942 ## - ADDED ENTRY ELEMENTS (KOHA) | |
| Suppress in OPAC | 0 |
| Withdrawn status | Lost status | Source of classification or shelving scheme | Damaged status | Not for loan | Home library | Current library | Shelving location | Date acquired | Total Checkouts | Full call number | Barcode | Date last seen | Copy number | Price effective from | Koha item type |
|---|---|---|---|---|---|---|---|---|---|---|---|---|---|---|---|
| Dewey Decimal Classification | London | London | Journal article | 19/10/1999 | ABS61326 | 100552-1001 | 06/08/2019 | 1 | 06/08/2019 | Journal article |